| 000 | 01012 a2200205 4500 | ||
|---|---|---|---|
| 001 | 34961 | ||
| 005 | 20260407155634.0 | ||
| 008 | 260407a1976 arg spa d | ||
| 003 | AR-UNSa-BCEJYS | ||
| 040 |
_aAR-UNSa-BCEJYS _bspa _cAR-UNSa-BCEJYS |
||
| 080 |
_a658.012.32 _xFormas de organización, de gestión |
||
| 245 | 1 | 0 | _aOrganizaciones, estructura y proceso |
| 264 | 1 |
_aBogotá : _bPrentice/Hall Internacional _c1976 |
|
| 300 |
_a331 p. _c23 cm. |
||
| 505 | _aParte I: La naturaleza de las organizaciones: 1. Introducción - 2. Tipos de organizaciones - 3. Metas y efectividad - Parte II : Estructura organizacional: 4. Tamaño organizacional - 5. Complejidad - 6. Formalización - 7. Poder y conflicto - 8. Liderazgo y toma de decisiones - 9. Comunicaciones - Parte IV: Organizaciones y sociedades : 10. El medio externo y la organizacion - 11. Organizaciones y cambio social | ||
| 942 | _cBK | ||
| 590 | _aniveau_biblio:m niveau_hierar:0 | ||
| 100 | 1 | _aHall, Richard H. | |
| 700 | 1 | _aFeferbaum, Stella de | |
| 999 |
_c2514 _d2514 |
||